Islam ka Khandani Nizam (Urdu) (Record no. 490345)

000 -LEADER
fixed length control field 00357nam a22001457a 4500
020 ## - INTERNATIONAL STANDARD BOOK NUMBER
International Standard Book Number 9789698535155
082 ## - DEWEY DECIMAL CLASSIFICATION NUMBER
Classification number 297.577 AHM
100 ## - MAIN ENTRY--PERSONAL NAME
Personal name Ahmed Al Asaal
245 ## - TITLE STATEMENT
Title Islam ka Khandani Nizam (Urdu)
260 ## - PUBLICATION, DISTRIBUTION, ETC.
Place of publication, distribution, etc. Islamabad
Name of publisher, distributor, etc. NUST Publishing
Date of publication, distribution, etc. 2015
300 ## - PHYSICAL DESCRIPTION
Extent xvii, 452 p.
500 ## - GENERAL NOTE
General note Includes index
650 ## - SUBJECT ADDED ENTRY--TOPICAL TERM
Topical term or geographic name entry element 1. Islam and Family
942 ## - ADDED ENTRY ELEMENTS (KOHA)
Koha item type Book
Holdings
Withdrawn status Lost status Source of classification or shelving scheme Damaged status Not for loan Permanent Location Current Location Date acquired Total Checkouts Full call number Barcode Date last seen Price effective from Koha item type Checked out Date last checked out
          School of Civil and Environmental Engineering (SCEE) School of Civil and Environmental Engineering (SCEE) 12/04/2019   297.577 AHM NIT-12685 12/04/2019 12/04/2019 Book    
          School of Civil and Environmental Engineering (SCEE) School of Civil and Environmental Engineering (SCEE) 12/04/2019 1 297.577 AHM NIT-12686 12/17/2024 12/04/2019 Book 01/01/2025 12/17/2024
© 2023 Central Library, National University of Sciences and Technology. All Rights Reserved.